Inorganic chemistry : (Record no. 1428865)

MARC details
000 -LEADER
fixed length control field 02099cam a22002177i 4500
001 - CONTROL NUMBER
control field 23904653
005 - DATE AND TIME OF LATEST TRANSACTION
control field 20250520112600.0
008 - FIXED-LENGTH DATA ELEMENTS--GENERAL INFORMATION
fixed length control field 241028s2024 si a b 001 0 eng d
020 ## - INTERNATIONAL STANDARD BOOK NUMBER
International Standard Book Number 9789811281761
040 ## - CATALOGING SOURCE
Original cataloging agency CSL
Language of cataloging eng
Transcribing agency CSL
041 ## - LANGUAGE CODE
Source of code eng
Language code of text/sound track or separate title eng
084 ## - COLON CLASSIFICATION NUMBER
Classification number E1 R4 Carc
Assigning agency CSL
100 1# - MAIN ENTRY--PERSONAL NAME
Personal name Mukherjee, Rabindranath,
Relator term author.
9 (RLIN) 809030
245 10 - TITLE STATEMENT
Title Inorganic chemistry :
Remainder of title Principles and properties
260 ## - PUBLICATION, DISTRIBUTION, ETC.
Place of publication, distribution, etc. Singapore:
Name of publisher, distributor, etc. World Scientific Publishing Co. Pte. Ltd.,
Date of publication, distribution, etc. 2024.
300 ## - PHYSICAL DESCRIPTION
Extent xvii, 371p :
Other physical details ill ;
Dimensions 24 cm
504 ## - BIBLIOGRAPHY, ETC. NOTE
Bibliography, etc. note Includes bibliographical references and index.
520 ## - SUMMARY, ETC.
Summary, etc. This book focuses on molecular shapes, molecular symmetry, application of molecular orbital concepts to the compounds of main-group and transition elements of varied symmetry, metal-metal bonding, organometallic compounds such as ferrocene, fundamentals of redox properties, and spectroscopic term symbols. For compounds of d-block elements, it delves into discussions on structures and bonding theories (valence bond, crystal field, and molecular orbital), properties (magnetic, spectral, and redox), and reactivities. Basics and applications of organometallic compounds of d-block elements in catalysis and selected topics of bioinorganic chemistry have also been included. An attempt has been made to integrate selected focused topics, which is expected to help both the students and instructors, reducing the need to consult other specialized books.<br/>For the convenience of the instructors and students, the book highlights in each chapter take home messages. Examples in each subtopic, and at the end of any chapter a list of further reading and exercises to critically think about the concepts are discussed. Almost every chapter lists references to the literature and reviews that has been found to be particularly useful in the advanced Inorganic Chemistry courses. At the end of the book an appendix that gives hints/full answers of the exercises is included.
650 #0 - SUBJECT ADDED ENTRY--TOPICAL TERM
Topical term or geographic name entry element Chemistry
Form subdivision Inorganic
9 (RLIN) 809031
942 ## - ADDED ENTRY ELEMENTS (KOHA)
Source of classification or shelving scheme Colon Classification (CC)
Suppress in OPAC No
Koha item type Textual
Classification part E1 R4 Carc
Holdings
Withdrawn status Lost status Source of classification or shelving scheme Damaged status Not for loan Home library Current library Date acquired Source of acquisition Total Checkouts Full call number Barcode Date last seen Price effective from Koha item type
    Colon Classification (CC)     Central Science Library Department of Chemistry Library 2025-01-06 Ashutosh technical book   E1 R4 Carc CD0009456 2025-05-20 2025-05-20 Textual
Copyright @ Delhi University Library System